000 00662cab a2200241 4500
001 ABS57860
008 090401t1997 xxu||||| |||| 00| 0 eng d
035 _a(Sirsi) u82392
041 _aeng
100 _aDear, B.
245 _aRemains needn`t ruin you
260 _c1997
350 _a0
490 _aEstates Gazette
_v(9747) 22 November 1997, 118-120(3)
520 _aDescribes in detail the steps developers should go through if they discover ancient remains on their site.
650 _aANCIENT REMAINS
650 _aARCHAEOLOGICAL SITES
650 _aDEVELOPERS
650 _aPPG15
650 _aPPG16
942 _n0
948 _c27/11/1997
999 _c52012
_d52012